<?xml version="1.0" encoding="UTF-8"?>
<record
    xmlns:xsi="http://www.w3.org/2001/XMLSchema-instance"
    xsi:schemaLocation="http://www.loc.gov/MARC21/slim http://www.loc.gov/standards/marcxml/schema/MARC21slim.xsd"
    xmlns="http://www.loc.gov/MARC21/slim">

  <leader>00451    a2200145   4500</leader>
  <controlfield tag="005">20250602102058.0</controlfield>
  <datafield tag="020" ind1=" " ind2=" ">
    <subfield code="a">978-0-7277-3653-6</subfield>
  </datafield>
  <datafield tag="082" ind1=" " ind2=" ">
    <subfield code="a">658.202 LLO</subfield>
  </datafield>
  <datafield tag="245" ind1=" " ind2=" ">
    <subfield code="a">Asset Management : Whole-Life Management of Physical Assets.</subfield>
  </datafield>
  <datafield tag="260" ind1=" " ind2=" ">
    <subfield code="a">London,</subfield>
    <subfield code="b">ICE,</subfield>
    <subfield code="c">2015.</subfield>
  </datafield>
  <datafield tag="300" ind1=" " ind2=" ">
    <subfield code="a">xxii, 242p.: ill.; figure, table</subfield>
    <subfield code="b">Index</subfield>
    <subfield code="c">21cm</subfield>
  </datafield>
  <datafield tag="700" ind1=" " ind2=" ">
    <subfield code="a">LLOYD, C.</subfield>
  </datafield>
  <datafield tag="856" ind1=" " ind2=" ">
    <subfield code="y">Access Online Book</subfield>
    <subfield code="f">Asset Management</subfield>
    <subfield code="d">www.icevirtuallibrary.com</subfield>
  </datafield>
  <datafield tag="942" ind1=" " ind2=" ">
    <subfield code="2">ddc</subfield>
    <subfield code="c">BKS</subfield>
  </datafield>
  <datafield tag="999" ind1=" " ind2=" ">
    <subfield code="c">2992</subfield>
    <subfield code="d">2992</subfield>
  </datafield>
  <datafield tag="952" ind1=" " ind2=" ">
    <subfield code="r">2025-06-02 10:22:39</subfield>
    <subfield code="l">0</subfield>
    <subfield code="o">658.202 LLO</subfield>
    <subfield code="p">DOM00010610</subfield>
    <subfield code="v">470475.00</subfield>
    <subfield code="w">2025-06-02</subfield>
    <subfield code="y">BKS</subfield>
    <subfield code="1">0</subfield>
    <subfield code="2">ddc</subfield>
    <subfield code="4">0</subfield>
    <subfield code="7">0</subfield>
    <subfield code="0">0</subfield>
    <subfield code="a">CBEML</subfield>
    <subfield code="b">CBEML</subfield>
    <subfield code="c">SPECIAL</subfield>
    <subfield code="d">2017-06-19</subfield>
    <subfield code="g">156825.00</subfield>
  </datafield>
  <datafield tag="952" ind1=" " ind2=" ">
    <subfield code="r">2025-06-02 10:22:39</subfield>
    <subfield code="l">0</subfield>
    <subfield code="o">658.202 LLO</subfield>
    <subfield code="p">DOM00010611</subfield>
    <subfield code="v">470475.00</subfield>
    <subfield code="w">2025-06-02</subfield>
    <subfield code="y">BKS</subfield>
    <subfield code="1">0</subfield>
    <subfield code="2">ddc</subfield>
    <subfield code="4">0</subfield>
    <subfield code="7">0</subfield>
    <subfield code="0">0</subfield>
    <subfield code="a">CBEML</subfield>
    <subfield code="b">CBEML</subfield>
    <subfield code="c">SPECIAL</subfield>
    <subfield code="d">2017-06-19</subfield>
    <subfield code="g">156825.00</subfield>
  </datafield>
  <datafield tag="952" ind1=" " ind2=" ">
    <subfield code="r">2025-06-02 10:22:39</subfield>
    <subfield code="l">0</subfield>
    <subfield code="o">658.202 LLO</subfield>
    <subfield code="p">DOM00010612</subfield>
    <subfield code="v">470475.00</subfield>
    <subfield code="w">2025-06-02</subfield>
    <subfield code="y">BKS</subfield>
    <subfield code="1">0</subfield>
    <subfield code="2">ddc</subfield>
    <subfield code="4">0</subfield>
    <subfield code="7">0</subfield>
    <subfield code="0">0</subfield>
    <subfield code="a">CBEML</subfield>
    <subfield code="b">CBEML</subfield>
    <subfield code="c">SPECIAL</subfield>
    <subfield code="d">2017-06-19</subfield>
    <subfield code="g">156825.00</subfield>
  </datafield>
  <datafield tag="952" ind1=" " ind2=" ">
    <subfield code="r">2025-06-02 10:22:39</subfield>
    <subfield code="l">0</subfield>
    <subfield code="o">658.202 LLO</subfield>
    <subfield code="p">DOM00010613</subfield>
    <subfield code="v">470475.00</subfield>
    <subfield code="w">2025-06-02</subfield>
    <subfield code="y">BKS</subfield>
    <subfield code="1">0</subfield>
    <subfield code="2">ddc</subfield>
    <subfield code="4">0</subfield>
    <subfield code="7">0</subfield>
    <subfield code="0">0</subfield>
    <subfield code="a">CBEML</subfield>
    <subfield code="b">CBEML</subfield>
    <subfield code="c">SPECIAL</subfield>
    <subfield code="d">2017-06-19</subfield>
    <subfield code="g">156825.00</subfield>
  </datafield>
  <datafield tag="952" ind1=" " ind2=" ">
    <subfield code="r">2025-06-02 10:22:39</subfield>
    <subfield code="l">0</subfield>
    <subfield code="o">658.202 LLO</subfield>
    <subfield code="p">DOM00010614</subfield>
    <subfield code="v">470475.00</subfield>
    <subfield code="w">2025-06-02</subfield>
    <subfield code="y">BKS</subfield>
    <subfield code="1">0</subfield>
    <subfield code="2">ddc</subfield>
    <subfield code="4">0</subfield>
    <subfield code="7">0</subfield>
    <subfield code="0">0</subfield>
    <subfield code="a">CBEML</subfield>
    <subfield code="b">CBEML</subfield>
    <subfield code="c">SPECIAL</subfield>
    <subfield code="d">2017-06-19</subfield>
    <subfield code="g">156825.00</subfield>
  </datafield>
  <datafield tag="952" ind1=" " ind2=" ">
    <subfield code="r">2025-06-25 12:56:17</subfield>
    <subfield code="l">0</subfield>
    <subfield code="o">658.72 LLO</subfield>
    <subfield code="p">DOM0003537</subfield>
    <subfield code="v">470475.00</subfield>
    <subfield code="w">2025-06-25</subfield>
    <subfield code="y">BKS</subfield>
    <subfield code="1">0</subfield>
    <subfield code="2">ddc</subfield>
    <subfield code="4">0</subfield>
    <subfield code="7">0</subfield>
    <subfield code="0">0</subfield>
    <subfield code="a">004</subfield>
    <subfield code="b">004</subfield>
    <subfield code="c">SPECIAL</subfield>
    <subfield code="d">2017-06-19</subfield>
    <subfield code="g">156825.00</subfield>
  </datafield>
</record>
